A survey of the aboriginal populations of quebec and labrador /

Guardado en:
Autor Principal: Fried, Jacob
Formato: Libro
Publicado: Montreal : Mcgill Univ., 1955
Materias:
Etiquetas: Agregar Etiqueta
Sin Etiquetas, Sea el primero en etiquetar este registro!
LEADER 00488nam a22001575a 4500
001 EHU.bham005014
003 AR-BHAM
005 20081010154820.0
008 130507s1955##################000#0#####d
082 5 7 |a 572.7 
100 1 |a Fried, Jacob 
245 1 0 |a A survey of the aboriginal populations of quebec and labrador /  |c Jacob Fried. 
260 |a Montreal :  |b Mcgill Univ.,  |c 1955 
300 |a 121 p. 
653 |a Antropologia cultural 
859 |a AR-BHAM  |b BIB. HUMANIDADES - General  |h 572.7  |i F912  |p 163.69  |t Ej.1